Five D's of Dodgeball Quiz Stats

 Plays Quiz Updated Oct 10, 2018

Score 0/5 Timer 00:30
0 Plays Today
% Correct
Dodge
98.7%
Duck
94.4%
Dive
83.1%
Dodge
82.9%
Dip
80.5%

You're not logged in!

Compare scores with friends on all Sporcle quizzes.
OR
Log In

Sporcle TV

Today on Sporcle TV


Watch our educational content, quiz creation guides, and fun videos on Sporcle TV.

Show Comments

Extras

Top Quizzes Today


Score Distribution

Your Account Isn't Verified!

In order to create a playlist on Sporcle, you need to verify the email address you used during registration. Go to your Sporcle Settings to finish the process.

Report this User

Report this user for behavior that violates our Community Guidelines.

Details: